Tesařství : Tradice z pohledu dneška

Saved in:
Bibliographic Details
Main Authors: Kohout, Jaroslav (Author), Tobek, Antonín (Author)
Other Authors: Müller, Pavel (Compiler)
Format: Book
Language:Czech
Published: Praha : Grada, 2003
Edition:8.uprav.a dopl.vyd. - dotlač
Tags: Add Tag
No Tags, Be the first to tag this record!

MARC

LEADER 00000nam a22000003a 4500
001 stu82292
005 20150617225636.8
008 031031s2003----xr------------------cze-d
020 |a 80-7169-413-4 
040 |a STU  |b slo 
041 0 |a cze 
044 |a xr 
080 |a 674.1 
100 1 |a Kohout, Jaroslav  |4 aut 
245 1 |a Tesařství :  |b Tradice z pohledu dneška 
250 |a 8.uprav.a dopl.vyd. - dotlač 
260 |a Praha :  |b Grada,  |c 2003 
300 |a 255 s.;obr.,schémy 
700 1 |a Tobek, Antonín  |4 aut 
700 1 |a Müller, Pavel  |4 com 
996 |c V*48227/O-21257  |l VV16  |s P  |a 0  |w stu82292_0001